Loading...
Science - Biology | 0 | 4 | 0 | 1 | 40 | 85 | 101.00 | 0 | 3 |
Literature - World Literature | 0 | 4 | 1 | 1 | 35 | 103 | 129.25 | 0 | 0 |
Literature - American Literature | 0 | 3 | 1 | 0 | 25 | 120 | 129.00 | 0 | 2 |
Science - Physics | 0 | 4 | 4 | 1 | 20 | 105 | 116.25 | 1 | 4 |
History - American History | 0 | 2 | 1 | 0 | 15 | 109 | 116.50 | 0 | 1 |
Literature - British Literature | 0 | 2 | 1 | 0 | 15 | 109 | 118.00 | 0 | 1 |
Literature - European Literature | 0 | 2 | 1 | 0 | 15 | 91 | 96.50 | 0 | 2 |
History - Other History | 0 | 2 | 1 | 0 | 15 | 130 | 131.50 | 0 | 1 |
Science - Other Science | 0 | 2 | 1 | 0 | 15 | 54 | 71.00 | 2 | 2 |
Science - Chemistry | 0 | 2 | 1 | 0 | 15 | 89 | 99.50 | 0 | 2 |
Mythology | 0 | 2 | 1 | 0 | 15 | 130 | 132.50 | 0 | 1 |
Social Science | 0 | 1 | 0 | 0 | 10 | 93 | 93.00 | 0 | 1 |
Fine Arts - Painting & Sculpture | 0 | 1 | 0 | 0 | 10 | 123 | 123.00 | 0 | 0 |
History - European History | 0 | 1 | 0 | 0 | 10 | 125 | 125.00 | 0 | 0 |
History - World History | 0 | 1 | 0 | 0 | 10 | 128 | 128.00 | 0 | 0 |
Other | 0 | 1 | 0 | 0 | 10 | 70 | 70.00 | 0 | 1 |
Philosophy | 0 | 1 | 1 | 1 | 5 | 131 | 131.00 | 0 | 0 |
Religion | 0 | 1 | 2 | 0 | 0 | 126 | 126.00 | 0 | 1 |
Fine Arts - Classical Music | 0 | 1 | 2 | 1 | 0 | 134 | 134.00 | 0 | 0 |
Fine Arts - Other Fine Arts | 0 | 0 | 1 | 0 | -5 | 0.00 | 0 | 0 |